[Event "CAN-op"]
[Site "Kapuskasing CAN"]
[Date "2003.07.13"]
[Round "3"]
[White "Nataf, Igor A"]
[Black "Hauchard, Arnaud"]
[Result "1/2-1/2"]
[WhiteElo "2580"]
[BlackElo "2496"]
[PlyCount "49"]
[EventDate "2003.07.12"]
[EventType "swiss"]
[EventRounds "9"]
[EventCountry "CAN"]
[Source "Mark Crowther"]
[SourceDate "2003.07.14"]

1. e4 e5 2. Nf3 Nc6 3. Bb5 a6 4. Ba4 Nf6 5. O-O Be7 6. Re1 b5 7. Bb3 d6 8. c3
O-O 9. h3 Na5 10. Bc2 c5 11. d4 Nd7 12. b3 exd4 13. cxd4 Nc6 14. Nc3 Bf6 15.
Be3 cxd4 16. Nxd4 Nxd4 17. Bxd4 Bb7 18. Ne2 Re8 19. Ng3 g6 20. b4 Be5 21. Bb3
Qf6 22. Bxe5 Nxe5 23. Qd2 Nc4 24. Bxc4 bxc4 25. Rad1 1/2-1/2

[Event "CAN-op"]
[Site "Kapuskasing CAN"]
[Date "2003.07.13"]
[Round "3"]
[White "Panjwani, Dilip"]
[Black "Cooke, Matthew"]
[Result "1-0"]
[WhiteElo "1705"]
[BlackElo "1930"]
[PlyCount "77"]
[EventDate "2003.07.12"]
[EventType "swiss"]
[EventRounds "9"]
[EventCountry "CAN"]

1. e4 e6 2. d3 c5 3. g3 d5 4. Nd2 Nc6 5. Bg2 Nf6 6. Ngf3 Be7 7. O-O O-O 8. e5
Nd7 9. Re1 Qc7 10. Qe2 b5 11. Nf1 h6 12. h4 a5 13. N1h2 c4 14. d4 b4 15. c3 Ba6
16. h5 a4 17. Ng4 Rfb8 18. Nh4 Nf8 19. Bf4 a3 20. Nf6+ Kh8 21. Qg4 Nh7 22. Nxh7
Kxh7 23. bxa3 bxc3 24. Bc1 Rb2 25. Bxb2 cxb2 26. Rab1 Bxa3 27. Qd1 c3 28. Qc2+
Kg8 29. Re3 Nxd4 30. Rxc3 Bc4 31. Qd2 Qxe5 32. Rxa3 Rxa3 33. Rxb2 Ne2+ 34. Kh1
Qc3 35. Rb8+ Kh7 36. Be4+ dxe4 37. Qd8 Nxg3+ 38. Kg2 Bf1+ 39. Kh2 1-0

[Event "CAN-op"]
[Site "Kapuskasing CAN"]
[Date "2003.07.13"]
[Round "3"]
[White "Perelshteyn, Eugene"]
[Black "Kudrin, Sergey"]
[Result "1/2-1/2"]
[WhiteElo "2442"]
[BlackElo "2583"]
[PlyCount "41"]
[EventDate "2003.07.12"]
[EventType "swiss"]
[EventRounds "9"]
[EventCountry "CAN"]

1. Nf3 Nf6 2. c4 c5 3. Nc3 b6 4. g3 Bb7 5. Bg2 Nc6 6. O-O g6 7. d4 Nxd4 8. Nxd4
Bxg2 9. Kxg2 cxd4 10. Qxd4 Bg7 11. b3 O-O 12. Bb2 d5 13. cxd5 e6 14. Rad1 Nxd5
15. Qxg7+ Kxg7 16. Nxd5+ Kh6 17. Nf6 Qc8 18. Rd4 Kg7 19. Rh4 h6 20. Ne8+ Kh7
21. Nf6+ 1/2-1/2

[Event "CAN-op"]
[Site "Kapuskasing CAN"]
[Date "2003.07.13"]
[Round "3"]
[White "Rolfe, Warrick"]
[Black "Pira, Davoud"]
[Result "0-1"]
[WhiteElo "2237"]
[BlackElo "2398"]
[PlyCount "61"]
[EventDate "2003.07.12"]
[EventType "swiss"]
[EventRounds "9"]
[EventCountry "CAN"]

1. e4 c5 2. Nf3 Nc6 3. g3 Nf6 4. d3 d5 5. e5 Nd7 6. Bf4 h6 7. h4 Nb6 8. Bg2 Bg4
9. Qd2 e6 10. Nh2 Bf5 11. g4 Bh7 12. Bg3 Be7 13. Nf1 Qc7 14. f4 O-O-O 15. Nc3
a6 16. a3 g5 17. Ne2 d4 18. Nh2 gxh4 19. Bf2 Rhg8 20. Bf3 Nd5 21. Nf1 Nxf4 22.
Bxh4 Bxh4+ 23. Rxh4 Nxe2 24. Qxe2 Nxe5 25. Rxh6 Bg6 26. Nd2 Nxf3+ 27. Qxf3 Qe5+
28. Qe2 Qg3+ 29. Kd1 Rh8 30. Rxh8 Rxh8 31. Nf1 0-1

[Event "CAN-op"]
[Site "Kapuskasing CAN"]
[Date "2003.07.13"]
[Round "3"]
[White "Smith, Hazel"]
[Black "Kagramanov, Dina"]
[Result "1-0"]
[WhiteElo "1872"]
[BlackElo "2035"]
[PlyCount "109"]
[EventDate "2003.07.12"]
[EventType "swiss"]
[EventRounds "9"]
[EventCountry "CAN"]

1. e4 c5 2. f4 d5 3. e5 Nc6 4. c3 d4 5. Bd3 e6 6. Nf3 Nge7 7. O-O Nd5 8. cxd4
Nxf4 9. Bb5 cxd4 10. d3 Ng6 11. Bxc6+ bxc6 12. Qa4 Qb6 13. Nbd2 Bd7 14. Nc4 Qb5
15. Qd1 Bc5 16. Ng5 O-O 17. Qh5 h6 18. Ne4 Be7 19. g4 Be8 20. Rf3 Nh4 21. g5
Nxf3+ 22. Qxf3 hxg5 23. Bxg5 Bxg5 24. Nxg5 f6 25. Nxe6 Qd5 26. Qg4 Rf7 27. Nf4
Qc5 28. Nd6 fxe5 29. Nxf7 Bxf7 30. Ne6 Bxe6 31. Qxe6+ Kh8 32. Re1 Qd5 33. Qxd5
cxd5 34. Rxe5 Rd8 35. Re7 Rb8 36. b3 a5 37. Ra7 Rb5 38. Kf2 Rc5 39. Ke1 Kh7 40.
Kd2 Kh6 41. Rb7 Kg6 42. b4 axb4 43. Rxb4 Ra5 44. a4 Kf5 45. Rxd4 Ke5 46. Rb4 d4
47. Rb5+ Rxb5 48. axb5 Kd5 49. Ke2 Kc5 50. Kf3 Kxb5 51. Ke4 Kc5 52. h4 g6 53.
Ke5 Kc6 54. Kxd4 Kd6 55. Ke4 1-0

[Event "CAN-op"]
[Site "Kapuskasing CAN"]
[Date "2003.07.14"]
[Round "4"]
[White "Bellon Lopez, Juan Manuel"]
[Black "Nataf, Igor A"]
[Result "0-1"]
[WhiteElo "2423"]
[BlackElo "2580"]
[PlyCount "74"]
[EventDate "2003.07.12"]
[EventType "swiss"]
[EventRounds "9"]
[EventCountry "CAN"]
[Source "Mark Crowther"]
[SourceDate "2003.07.14"]

1. d4 Nf6 2. Nf3 g6 3. Nc3 d5 4. Bf4 Bg7 5. e3 O-O 6. Be2 c6 7. Ne5 Nbd7 8.
Nxd7 Nxd7 9. Bg5 f6 10. Bh4 Qb6 11. Rb1 e5 12. b4 exd4 13. Na4 Qc7 14. Bg3 Qd8
15. Qxd4 f5 16. Qd2 Nb6 17. Nc5 Nc4 18. Qc1 Bc3+ 19. Kd1 a5 20. b5 Bd2 21. Qxd2
Nxd2 22. Kxd2 b6 23. Nd3 c5 24. Rhd1 Re8 25. Ke1 g5 26. Kf1 Qf6 27. h4 h6 28.
hxg5 hxg5 29. f4 Rxe3 30. fxg5 Qc3 31. Bf3 Bb7 32. Ne1 Rae8 33. Bf2 Rxf3 34.
gxf3 d4 35. Rd3 Rxe1+ 36. Rxe1 Qxc2 37. Rdd1 Bxf3 0-1

[Event "CAN-op"]
[Site "Kapuskasing CAN"]
[Date "2003.07.14"]
[Round "4"]
[White "Hauchard, Arnaud"]
[Black "Moiseenko, Alexander"]
[Result "0-1"]
[WhiteElo "2496"]
[BlackElo "2618"]
[PlyCount "70"]
[EventDate "2003.07.12"]
[EventType "swiss"]
[EventRounds "9"]
[EventCountry "CAN"]
[Source "Mark Crowther"]
[SourceDate "2003.07.14"]

1. c4 c5 2. g3 g6 3. Bg2 Bg7 4. Nc3 Nc6 5. e3 e5 6. Nge2 Nge7 7. a3 d6 8. d3
Be6 9. Nd5 O-O 10. Rb1 Qd7 11. b4 Bh3 12. Bxh3 Qxh3 13. b5 Nxd5 14. bxc6 Nb6
15. cxb7 Rab8 16. a4 Rxb7 17. a5 Nc8 18. Rxb7 Qg2 19. Rf1 Qxb7 20. e4 Ne7 21.
f3 f5 22. Bd2 h5 23. Nc3 Kh7 24. Kf2 Nc6 25. Nd5 fxe4 26. dxe4 Qb2 27. Qc1 Qa2
28. Kg2 Nxa5 29. Rf2 Qxc4 30. Qa3 Nc6 31. Bg5 Rf7 32. h3 Nd4 33. Qc3 a5 34. Be7
Bh6 35. f4 Nf5 0-1

[Event "CAN-op"]
[Site "Kapuskasing CAN"]
[Date "2003.07.14"]
[Round "4"]
[White "Iljushin, Alexei"]
[Black "Arencibia, Walter"]
[Result "1/2-1/2"]
[WhiteElo "2553"]
[BlackElo "2554"]
[PlyCount "44"]
[EventDate "2003.07.12"]
[EventType "swiss"]
[EventRounds "9"]
[EventCountry "CAN"]

1. d4 Nf6 2. c4 e6 3. Nc3 Bb4 4. e3 c5 5. Nge2 cxd4 6. exd4 O-O 7. a3 Be7 8. g3
d6 9. Bg2 Nbd7 10. O-O a6 11. b4 Nb6 12. Qb3 d5 13. c5 Nc4 14. a4 Bd7 15. a5
Bc6 16. Rd1 Ne8 17. Bf4 g5 18. Bc1 Nc7 19. Na4 f6 20. Nec3 Qd7 21. Ra2 Rae8 22.
Re2 Bd8 1/2-1/2

[Event "CAN-op"]
[Site "Kapuskasing CAN"]
[Date "2003.07.14"]
[Round "4"]
[White "Predescu, Sebastian"]
[Black "Jonkman, Harmen"]
[Result "0-1"]
[WhiteElo "2260"]
[BlackElo "2424"]
[PlyCount "36"]
[EventDate "2003.07.12"]
[EventType "swiss"]
[EventRounds "9"]
[EventCountry "CAN"]

1. e4 e5 2. Nf3 Nc6 3. d4 exd4 4. Nxd4 Bc5 5. Be3 Qf6 6. c3 Nge7 7. Bc4 b6 8.
O-O Bb7 9. Nc2 Ne5 10. Bd5 Nxd5 11. exd5 O-O 12. Bd4 Bxd4 13. Qxd4 c5 14. dxc6
dxc6 15. Nba3 c5 16. Qe3 Nf3+ 17. Kh1 Rfe8 18. Qc1 Qd6 0-1

[Event "CAN-op"]
[Site "Kapuskasing CAN"]
[Date "2003.07.14"]
[Round "4"]
[White "Vera, Reynaldo"]
[Black "Lipnowski, Samuel"]
[Result "1-0"]
[WhiteElo "2559"]
[BlackElo "2107"]
[PlyCount "73"]
[EventDate "2003.07.12"]
[EventType "swiss"]
[EventRounds "9"]
[EventCountry "CAN"]

1. d4 Nf6 2. Nf3 g6 3. c4 Bg7 4. Nc3 O-O 5. e4 d6 6. Be2 e5 7. O-O Nc6 8. d5
Ne7 9. Ne1 Nd7 10. Be3 f5 11. f3 f4 12. Bf2 g5 13. Rc1 Ng6 14. c5 a6 15. Na4
Rf7 16. Qb3 Rb8 17. Nd3 Bf8 18. Rc3 Rg7 19. Rfc1 g4 20. fxg4 Nf6 21. cxd6 cxd6
22. Bb6 Qe8 23. Nf2 Bd7 24. Bd1 h5 25. Bc7 Nh4 26. Bxb8 Qxb8 27. Nb6 Qe8 28.
Nxd7 Qxd7 29. Rc7 Qxc7 30. Rxc7 Rxc7 31. Qh3 Ng6 32. gxh5 Ne7 33. Qe6+ Kg7 34.
h6+ Kg6 35. Ng4 Neg8 36. Qf5+ Kf7 37. h7 1-0

[Event "CAN-op"]
[Site "Kapuskasing CAN"]
[Date "2003.07.15"]
[Round "5"]
[White "Balbutin, Nelson"]
[Black "Iljushin, Alexei"]
[Result "1/2-1/2"]
[WhiteElo "2151"]
[BlackElo "2553"]
[PlyCount "75"]
[EventDate "2003.07.12"]
[EventType "swiss"]
[EventRounds "9"]
[EventCountry "CAN"]

1. Nf3 e6 2. d4 f5 3. g3 Nf6 4. Bg2 d5 5. O-O Bd6 6. c4 c6 7. cxd5 cxd5 8. Nc3
Nc6 9. Bg5 h6 10. Bxf6 Qxf6 11. Rc1 O-O 12. e3 Bd7 13. Ne1 Na5 14. Nd3 b5 15.
b4 Nc4 16. a4 a6 17. axb5 axb5 18. Ra1 Bc6 19. Qc2 Qe7 20. Nc5 Qf7 21. Rfe1 Kh8
22. Bf1 Qf6 23. Bg2 g5 24. Bf3 Bxc5 25. dxc5 f4 26. exf4 gxf4 27. Bg2 f3 28.
Bf1 e5 29. Bxc4 dxc4 30. Rxa8 Rxa8 31. Nd1 e4 32. Ne3 Ra3 33. Qc1 Rd3 34. h3
Bd7 35. h4 Kh7 36. Qa1 Qe6 37. Qa7 Qh3 38. g4 1/2-1/2

[Event "CAN-op"]
[Site "Kapuskasing CAN"]
[Date "2003.07.15"]
[Round "5"]
[White "Krayushkin, Victor"]
[Black "Kagramanov, Dina"]
[Result "1-0"]
[WhiteElo "2117"]
[BlackElo "2035"]
[PlyCount "59"]
[EventDate "2003.07.12"]
[EventType "swiss"]
[EventRounds "9"]
[EventCountry "CAN"]

1. Nf3 d5 2. g3 Nf6 3. Bg2 c6 4. O-O Bg4 5. h3 Bh5 6. d3 Nbd7 7. Nbd2 e6 8. e4
Qc7 9. a4 a5 10. Qe1 e5 11. Nh4 Bc5 12. Kh1 g5 13. Nf5 O-O-O 14. Nb3 h6 15.
exd5 Nxd5 16. Nxc5 Nxc5 17. Bd2 b6 18. b4 axb4 19. Bxb4 Nxb4 20. Qxb4 Bg6 21.
Ne3 Rd4 22. Qc3 Kd7 23. Nc4 Ra8 24. f4 gxf4 25. gxf4 f6 26. fxe5 fxe5 27. Rf6
Nxa4 28. Qe1 Be8 29. Nxe5+ Kc8 30. Nxc6 1-0

[Event "CAN-op"]
[Site "Kapuskasing CAN"]
[Date "2003.07.15"]
[Round "5"]
[White "Meng, Fanhao"]
[Black "Fierro Baquero, Martha"]
[Result "0-1"]
[WhiteElo "2230"]
[BlackElo "2313"]
[PlyCount "74"]
[EventDate "2003.07.12"]
[EventType "swiss"]
[EventRounds "9"]
[EventCountry "CAN"]

1. e4 d5 2. exd5 Qxd5 3. Nc3 Qa5 4. d4 c6 5. Nf3 Nf6 6. Be2 Bf5 7. O-O e6 8.
Ne5 Nbd7 9. Nc4 Qc7 10. Bg5 Be7 11. Bh4 Nb6 12. Bg3 Qd8 13. Ne3 Bg6 14. Be5
Nbd7 15. f4 O-O 16. Bd3 Nxe5 17. dxe5 Bc5 18. Qf3 Bxd3 19. Rad1 Bxe3+ 20. Qxe3
Ng4 21. Qxd3 Qb6+ 22. Qd4 Ne3 23. Qxb6 axb6 24. Rd7 Nxf1 25. Kxf1 Rfd8 26. Rxb7
Rd2 27. Rxb6 Rxc2 28. Rxc6 Rxb2 29. a4 h6 30. h3 Rc2 31. Rc5 Rd8 32. Ke1 Rd3
33. Ne4 Rxg2 34. a5 Ra3 35. Kf1 Rb2 36. Rc1 Rxh3 37. Kg1 Ra3 0-1

[Event "CAN-op"]
[Site "Kapuskasing CAN"]
[Date "2003.07.15"]
[Round "5"]
[White "Zatonskih, Anna"]
[Black "Lobach, Pavel"]
[Result "1-0"]
[WhiteElo "2423"]
[BlackElo "2327"]
[PlyCount "57"]
[EventDate "2003.07.12"]
[EventType "swiss"]
[EventRounds "9"]
[EventCountry "CAN"]

1. e4 e6 2. d4 d5 3. Nd2 a6 4. Ngf3 c5 5. exd5 exd5 6. dxc5 Bxc5 7. Nb3 Be7 8.
Nfd4 Nf6 9. Bf4 O-O 10. Bd3 Re8 11. O-O Nbd7 12. c3 Nb6 13. Qc2 Nc4 14. Rfe1
Bd7 15. Nf5 Bxf5 16. Bxf5 g6 17. Bd3 Qb6 18. Rad1 Bf8 19. Be2 Re4 20. Bc1 Rae8
21. h3 Nh5 22. Nd4 Bc5 23. b3 Bxd4 24. cxd4 Nd6 25. Kf1 Nf5 26. Bxh5 gxh5 27.
Rxe4 Rxe4 28. Qc8+ Kg7 29. Qxf5 1-0

[Event "CAN-op"]
[Site "Kapuskasing CAN"]
[Date "2003.07.16"]
[Round "6"]
[White "Cramling, Pia"]
[Black "Balbutin, Nelson"]
[Result "1-0"]
[WhiteElo "2488"]
[BlackElo "2151"]
[PlyCount "53"]
[EventDate "2003.07.12"]
[EventType "swiss"]
[EventRounds "9"]
[EventCountry "CAN"]

1. d4 Nf6 2. Nf3 e6 3. c4 b6 4. g3 Bb7 5. Bg2 Be7 6. O-O O-O 7. Re1 d6 8. Nc3
Ne4 9. Qc2 Nxc3 10. Ng5 Bxg5 11. Bxb7 Nxe2+ 12. Rxe2 Nd7 13. Bxa8 Bxc1 14. Rxc1
Qxa8 15. Qe4 c6 16. b4 Qc8 17. Qf4 Rd8 18. Qxd6 Nc5 19. dxc5 Rxd6 20. cxd6 Qd7
21. c5 b5 22. a4 a6 23. axb5 axb5 24. Ra2 h5 25. Rca1 Kh7 26. Ra7 Qd8 27. Ra8
1-0

[Event "CAN-op"]
[Site "Kapuskasing CAN"]
[Date "2003.07.16"]
[Round "6"]
[White "Kret, Ted"]
[Black "Predescu, Sebastian"]
[Result "0-1"]
[WhiteElo "2226"]
[BlackElo "2280"]
[PlyCount "71"]
[EventDate "2003.07.12"]
[EventType "swiss"]
[EventRounds "9"]
[EventCountry "CAN"]

1. d4 Nf6 2. c4 g6 3. Nc3 Bg7 4. e4 d6 5. Nf3 O-O 6. Be2 e5 7. O-O Na6 8. d5
Nc5 9. Qc2 a5 10. Nd2 Ne8 11. b3 f5 12. Rb1 Nf6 13. a3 Bh6 14. b4 axb4 15. axb4
Bxd2 16. Bxd2 Ncxe4 17. Nxe4 Nxe4 18. Bh6 Rf7 19. Bd3 Nf6 20. h3 Ne8 21. f4 e4
22. Be2 Qf6 23. Rfd1 Bd7 24. Qc1 Qh4 25. Bg5 Qg3 26. Kh1 Nf6 27. Qb2 Kg7 28.
Ra1 Re8 29. Ra3 Qf2 30. Rf1 Qb6 31. g4 fxg4 32. hxg4 Bxg4 33. Bxg4 h6 34. Be6
Rff8 35. Rh3 h5 36. f5 0-1

[Event "CAN-op"]
[Site "Kapuskasing CAN"]
[Date "2003.07.16"]
[Round "6"]
[White "Nahutin, Yevgeni"]
[Black "Palmer, Jordan"]
[Result "1-0"]
[WhiteElo "2062"]
[BlackElo "2018"]
[PlyCount "55"]
[EventDate "2003.07.12"]
[EventType "swiss"]
[EventRounds "9"]
[EventCountry "CAN"]

1. Nf3 d5 2. d4 Bf5 3. b3 e6 4. c3 Nf6 5. Nbd2 Nbd7 6. Nh4 Bd6 7. Nxf5 exf5 8.
Bb2 Ng4 9. Nf3 O-O 10. h3 Ngf6 11. Qc2 Ne4 12. e3 f4 13. exf4 Bxf4 14. Bd3 Re8
15. O-O c6 16. c4 Ndf6 17. g3 Nxf2 18. Kxf2 Qd6 19. Ne5 Nh5 20. gxf4 Nxf4 21.
Bxh7+ Kf8 22. Qf5 Rxe5 23. Qxf4 Rf5 24. Qxf5 Qh2+ 25. Kf3 Qxb2 26. Kg3 f6 27.
Qd3 Re8 28. Rae1 1-0

[Event "CAN-op"]
[Site "Kapuskasing CAN"]
[Date "2003.07.16"]
[Round "6"]
[White "Vera, Reynaldo"]
[Black "Wang, Yamei"]
[Result "1-0"]
[WhiteElo "2559"]
[BlackElo "1918"]
[PlyCount "37"]
[EventDate "2003.07.12"]
[EventType "swiss"]
[EventRounds "9"]
[EventCountry "CAN"]

1. d4 d5 2. c4 e6 3. Nf3 Nf6 4. Nc3 Be7 5. Bf4 c6 6. e3 Nbd7 7. Qc2 O-O 8. Rd1
Re8 9. Bd3 h6 10. O-O dxc4 11. Bxc4 b6 12. Ne5 Bb7 13. Bxh6 Nf8 14. Bf4 Nd5 15.
Nxd5 exd5 16. Bd3 Rc8 17. Bf5 Ne6 18. Bh7+ Kf8 19. Nxf7 1-0

[Event "CAN-op"]
[Site "Kapuskasing CAN"]
[Date "2003.07.16"]
[Round "6"]
[White "Whissell, Mavros"]
[Black "Shahi, Bahram"]
[Result "0-1"]
[WhiteElo "1812"]
[BlackElo "1841"]
[PlyCount "106"]
[EventDate "2003.07.12"]
[EventType "swiss"]
[EventRounds "9"]
[EventCountry "CAN"]

1. e4 c5 2. Nc3 Nc6 3. Nf3 e6 4. d4 cxd4 5. Nxd4 Nf6 6. Nxc6 dxc6 7. Qxd8+ Kxd8
8. Bg5 Bb4 9. O-O-O+ Ke8 10. f3 e5 11. Bc4 h6 12. Bd2 Bd7 13. a3 Ba5 14. Ba2 b5
15. g4 Rd8 16. h4 Bb6 17. g5 Nh5 18. Ne2 Ke7 19. Kb1 Be6 20. gxh6 Bxa2+ 21.
Kxa2 gxh6 22. Bc1 Rd6 23. Rxd6 Kxd6 24. Rd1+ Ke6 25. Rh1 f5 26. Rh2 f4 27. Rg2
Kf7 28. b4 Bd8 29. Bb2 Bf6 30. Bc3 Rg8 31. Rxg8 Kxg8 32. Be1 Kf7 33. Kb3 Ng7
34. c4 Ne6 35. a4 a6 36. Bf2 Kg6 37. cxb5 cxb5 38. axb5 axb5 39. Nc3 Nc7 40.
Bb6 Bd8 41. Nxb5 Nxb5 42. Bxd8 Nd4+ 43. Kc4 Nxf3 44. b5 Nd4 45. Kd5 f3 46. b6
f2 47. b7 f1=Q 48. b8=Q Qf7+ 49. Kc5 Qf8+ 50. Qd6+ Ne6+ 51. Kd5 Qxd6+ 52. Kxd6
Nxd8 53. Kxe5 Kh5 0-1

[Event "CAN-op"]
[Site "Kapuskasing CAN"]
[Date "2003.07.17"]
[Round "7"]
[White "Balbutin, Nelson"]
[Black "Bellon Lopez, Juan Manuel"]
[Result "0-1"]
[WhiteElo "2151"]
[BlackElo "2423"]
[PlyCount "102"]
[EventDate "2003.07.12"]
[EventType "swiss"]
[EventRounds "9"]
[EventCountry "CAN"]

1. e4 c5 2. Nf3 g6 3. d4 Bg7 4. Nc3 Qa5 5. a3 Nf6 6. Bd3 c4 7. Bxc4 Nxe4 8. O-O
Nxc3 9. Qe1 d5 10. Bd3 Nc6 11. bxc3 Bg4 12. Ne5 Nxe5 13. dxe5 O-O 14. Rb1 Qc7
15. h3 Bd7 16. f4 f6 17. e6 Be8 18. f5 b6 19. Rb4 Rc8 20. Bd2 a5 21. Rd4 Qd6
22. a4 Rc5 23. Bf4 Qc6 24. Bd2 Qc7 25. Qe2 Rxc3 26. Bxc3 Qxc3 27. Rxd5 Bc6 28.
Rd7 Bxd7 29. exd7 Qd4+ 30. Kh1 Qxd7 31. fxg6 f5 32. gxh7+ Kh8 33. Bb5 Qd6 34.
Bc4 e5 35. Qh5 Qd7 36. Bb5 Qe6 37. Qh4 e4 38. Rd1 e3 39. Qh5 Qe4 40. Qe2 Be5
41. Rf1 Bd6 42. Qd1 Rf6 43. Qh5 Qe5 44. Qe8+ Qxe8 45. Bxe8 Bg3 46. Bb5 Re6 47.
Be2 Rd6 48. Rd1 Rxd1+ 49. Bxd1 b5 50. c3 bxa4 51. Kg1 a3 0-1

[Event "CAN-op"]
[Site "Kapuskasing CAN"]
[Date "2003.07.17"]
[Round "7"]
[White "Hauchard, Arnaud"]
[Black "Patterson, Roger"]
[Result "1-0"]
[WhiteElo "2496"]
[BlackElo "2186"]
[PlyCount "61"]
[EventDate "2003.07.12"]
[EventType "swiss"]
[EventRounds "9"]
[EventCountry "CAN"]

1. d4 Nf6 2. c4 e6 3. Nf3 b6 4. Nc3 Bb7 5. Bg5 d5 6. cxd5 exd5 7. e3 Be7 8.
Bb5+ c6 9. Bd3 O-O 10. Qc2 Nbd7 11. O-O-O Re8 12. Ne5 Nf8 13. Kb1 a6 14. f4 c5
15. dxc5 bxc5 16. e4 Qa5 17. exd5 Nxd5 18. Nxd5 Bxd5 19. Bxh7+ Nxh7 20. Rxd5
Nxg5 21. fxg5 Bxg5 22. Rxc5 Rxe5 23. Rxa5 Rxa5 24. Re1 Rd8 25. a3 Rad5 26. Qc6
Kh7 27. Qxa6 Rd2 28. Re2 Rd1+ 29. Ka2 Rc1 30. Qb5 Kg6 31. g4 1-0

[Event "CAN-op"]
[Site "Kapuskasing CAN"]
[Date "2003.07.17"]
[Round "7"]
[White "Pogonina, Natalija"]
[Black "Palmer, Jordan"]
[Result "1-0"]
[WhiteElo "2340"]
[BlackElo "2018"]
[PlyCount "47"]
[EventDate "2003.07.12"]
[EventType "swiss"]
[EventRounds "9"]
[EventCountry "CAN"]

1. e4 c5 2. Nf3 Nc6 3. d4 cxd4 4. Nxd4 e5 5. Nb5 d6 6. c4 a6 7. N5a3 Nf6 8. Nc3
Be7 9. Be2 O-O 10. O-O Nd4 11. Be3 Nxe2+ 12. Qxe2 Ng4 13. Nc2 Nxe3 14. Nxe3 f5
15. exf5 Bxf5 16. Nxf5 Rxf5 17. Rad1 Qf8 18. Ne4 Rd8 19. Rd5 Rf6 20. Nxf6+ Qxf6
21. c5 Kf7 22. Rfd1 dxc5 23. Rxd8 Bxd8 24. Rd7+ 1-0

[Event "CAN-op"]
[Site "Kapuskasing CAN"]
[Date "2003.07.17"]
[Round "7"]
[White "Quiring, John"]
[Black "Fierro Baquero, Martha"]
[Result "0-1"]
[WhiteElo "2005"]
[BlackElo "2313"]
[PlyCount "68"]
[EventDate "2003.07.12"]
[EventType "swiss"]
[EventRounds "9"]
[EventCountry "CAN"]

1. e4 g6 2. d4 c5 3. Nf3 cxd4 4. Nxd4 Bg7 5. c4 Nc6 6. Be3 Nf6 7. Nc3 d6 8. Be2
O-O 9. O-O Nxd4 10. Bxd4 Be6 11. Rc1 Qa5 12. b3 Rac8 13. Rc2 a6 14. Qd3 b5 15.
cxb5 axb5 16. Rfc1 b4 17. Nb5 Rxc2 18. Rxc2 Rc8 19. f3 h5 20. Rxc8+ Bxc8 21.
Qd2 Bd7 22. a4 Be6 23. Qc2 Nd7 24. Bxg7 Kxg7 25. Bc4 Qb6+ 26. Kf1 Qc5 27. Qb2+
Kg8 28. Qd4 Bxc4+ 29. Qxc4 Qe3 30. Qxb4 Nc5 31. Qd4 Qxb3 32. Nc3 Qc2 33. h3 e5
34. Qe3 Nd3 0-1

[Event "CAN-op"]
[Site "Kapuskasing CAN"]
[Date "2003.07.17"]
[Round "7"]
[White "Rolfe, Warrick"]
[Black "Lipnowski, Samuel"]
[Result "0-1"]
[WhiteElo "2237"]
[BlackElo "2107"]
[PlyCount "50"]
[EventDate "2003.07.12"]
[EventType "swiss"]
[EventRounds "9"]
[EventCountry "CAN"]

1. e4 e6 2. d3 c5 3. g3 Nc6 4. Bg2 g6 5. Nf3 Bg7 6. O-O Nge7 7. Re1 d6 8. Nbd2
O-O 9. a4 Rb8 10. Nc4 b6 11. Nh4 Bb7 12. f4 Qd7 13. Ne3 f5 14. c3 Rbd8 15. exf5
gxf5 16. Nc4 Rf6 17. Bd2 Kh8 18. Nf3 Ng6 19. Re2 Rg8 20. Qc2 h6 21. Rae1 Nd8
22. b3 Bc6 23. Rd1 Nf7 24. d4 Be4 25. Qc1 Bd3 0-1

[Event "CAN-op"]
[Site "Kapuskasing CAN"]
[Date "2003.07.18"]
[Round "8"]
[White "Goutor, Valentina"]
[Black "Robinson, Kenneth"]
[Result "1-0"]
[WhiteElo "1806"]
[BlackElo "1990"]
[PlyCount "45"]
[EventDate "2003.07.12"]
[EventType "swiss"]
[EventRounds "9"]
[EventCountry "CAN"]

1. e4 e5 2. Nf3 Nc6 3. Bb5 a6 4. Ba4 Nf6 5. O-O Be7 6. Re1 b5 7. Bb3 d6 8. c3
Na5 9. Bc2 c5 10. h3 O-O 11. d4 Qc7 12. Nbd2 Bd7 13. Nf1 Rfc8 14. d5 b4 15. Ng3
g6 16. Nh2 Rab8 17. f4 Ne8 18. f5 Qd8 19. Rf1 Nc7 20. Ng4 Be8 21. Bh6 g5 22. f6
Bf8 23. Qd2 1-0

[Event "CAN-op"]
[Site "Kapuskasing CAN"]
[Date "2003.07.18"]
[Round "8"]
[White "Lipnowski, Samuel"]
[Black "Pogonina, Natalija"]
[Result "1-0"]
[WhiteElo "2107"]
[BlackElo "2340"]
[PlyCount "83"]
[EventDate "2003.07.12"]
[EventType "swiss"]
[EventRounds "9"]
[EventCountry "CAN"]

1. e4 c5 2. Nf3 d6 3. d4 cxd4 4. Nxd4 Nf6 5. Nc3 g6 6. Be3 Bg7 7. f3 O-O 8. Qd2
Nc6 9. Bc4 Bd7 10. O-O-O Rc8 11. Bb3 Ne5 12. Bg5 Nc4 13. Bxc4 Rxc4 14. e5 dxe5
15. Nde2 Rc7 16. Bxf6 exf6 17. Nb5 Rc5 18. Nbc3 Rc7 19. Nb5 Rc5 20. Nec3 a6 21.
Qxd7 Qxd7 22. Rxd7 axb5 23. Rxb7 f5 24. Rxb5 Rxb5 25. Nxb5 e4 26. c3 exf3 27.
gxf3 Re8 28. a4 g5 29. Kc2 g4 30. Nd4 Bxd4 31. cxd4 h5 32. a5 f4 33. b4 Re2+
34. Kb3 Re3+ 35. Ka4 Re2 36. b5 Ra2+ 37. Kb4 Kg7 38. a6 Kg6 39. Kc5 g3 40. Kb6
h4 41. a7 Rxh2 42. Ra1 1-0

[Event "CAN-op"]
[Site "Kapuskasing CAN"]
[Date "2003.07.18"]
[Round "8"]
[White "Vera, Reynaldo"]
[Black "Nataf, Igor A"]
[Result "0-1"]
[WhiteElo "2559"]
[BlackElo "2580"]
[PlyCount "79"]
[EventDate "2003.07.12"]
[EventType "swiss"]
[EventRounds "9"]
[EventCountry "CAN"]

1. d4 Nf6 2. c4 g6 3. Nc3 Bg7 4. e4 d6 5. Bd3 O-O 6. Nge2 c5 7. d5 e6 8. O-O
exd5 9. cxd5 b6 10. f3 Na6 11. a3 Nd7 12. Rb1 Nc7 13. b4 Ne5 14. Bc2 f5 15. f4
Nf7 16. Bb2 Re8 17. exf5 gxf5 18. Rf3 Kh8 19. Rg3 Bf6 20. Qd2 Bd7 21. Bd3 Rg8
22. Nd1 Ne8 23. Ne3 Nh6 24. Rh3 Rg6 25. Ng3 Ng7 26. Nh5 Bxb2 27. Qxb2 Qf8 28.
bxc5 dxc5 29. Nc4 Be8 30. Re1 Rd8 31. Nxg7 Qxg7 32. Qxg7+ Kxg7 33. Re7+ Kg8 34.
Ne5 Rf6 35. Rxa7 b5 36. Nc6 Bxc6 37. dxc6 c4 38. c7 Rc8 39. Rxh6 Rf7 40. Bc2
0-1

[Event "CAN-op"]
[Site "Kapuskasing CAN"]
[Date "2003.07.18"]
[Round "8"]
[White "Wang, Hao Yuan"]
[Black "Meng, Fanhao"]
[Result "1-0"]
[WhiteElo "2275"]
[BlackElo "2230"]
[PlyCount "57"]
[EventDate "2003.07.12"]
[EventType "swiss"]
[EventRounds "9"]
[EventCountry "CAN"]

1. e4 e5 2. Nf3 Nc6 3. Bb5 a6 4. Ba4 d6 5. c3 Bd7 6. O-O Nf6 7. Re1 g6 8. d4
Qe7 9. c4 Bg7 10. Nc3 Nxd4 11. Nxd4 exd4 12. Nd5 Qd8 13. Bg5 c6 14. Qf3 cxd5
15. exd5+ Kf8 16. Bxd7 Qxd7 17. Bxf6 Re8 18. Qf4 Bxf6 19. Qxf6 Rg8 20. Qxd4
Rxe1+ 21. Rxe1 Qd8 22. b4 Rg7 23. c5 f5 24. h3 Kg8 25. Re6 Rd7 26. c6 Rc7 27.
a4 bxc6 28. dxc6 Rxc6 29. Qd5 1-0

[Event "CAN-op"]
[Site "Kapuskasing CAN"]
[Date "2003.07.19"]
[Round "9"]
[White "Bellon Lopez, Juan Manuel"]
[Black "Lipnowski, Samuel"]
[Result "1-0"]
[WhiteElo "2423"]
[BlackElo "2107"]
[PlyCount "59"]
[EventDate "2003.07.12"]
[EventType "swiss"]
[EventRounds "9"]
[EventCountry "CAN"]

1. d4 e6 2. Nf3 f5 3. c4 Nf6 4. Nc3 c6 5. Bf4 d5 6. e3 Be7 7. Qc2 O-O 8. Bd3
Nbd7 9. h3 Ne4 10. g4 g6 11. gxf5 gxf5 12. O-O-O Kh8 13. Rdg1 Bf6 14. Bxe4 fxe4
15. Ng5 Qe7 16. f3 Rg8 17. h4 exf3 18. Bd6 Qg7 19. Nxf3 Qf7 20. Ng5 Qg7 21. Ne2
Nb6 22. Rf1 Nxc4 23. Rxf6 Nxd6 24. Nf4 Bd7 25. Nh5 Qe7 26. Rf7 Qxf7 27. Nxf7+
Nxf7 28. Nf6 Rg7 29. Nxd7 Rag8 30. Qf2 1-0